000 00342 a2200157 4500
001 182672
020 _a85-209-0527- 7
040 _cMagnum
100 _aCallado, Antônio
240 1 0 _aA madona de cedro
_lpor
245 1 0 _aA madona de cedro
300 _a223
440 1 _aNova Fronteira
697 _aLITERATURA JUVENIL
942 _cBK
999 _c182672
_d182672